00410nam a2200181Ia 4500003000400000005001700004006001900021007000300040008004100043024001000084037001200094040002000106041001300126082001800139100002200157245004000179260000900219OSt20220928145159.0a|||||r|||| 00| 0 ta220927b |||||||| |||| 00| 0 eng d a79311 cTextual aSDCLcSDCLbeng 2engaeng aX:75.2'N7, L9 aBatra Raveendra N 0aProut and economic reform in India. c1979